000 01023nas a2200301 4500
001 BR2013003183
003 BR-BrBNA
005 20231205122348.0
007 ta
008 230509b bl.|||p| |||| 00| 00por d
040 _aBR-BrBNA
_bpor
_cBiblioteca Nacional de Agricultura
041 _a(Pt)
072 _aQ04; Q70
100 1 _aSales-Campos, C.
100 1 _aOliveira, L.A. de
100 1 _aAraujo, L.M.
100 1 _aVarejão, M. de J.C.
100 1 _aAndrade, M.C.N. de
245 1 _aComposição mineral de uma linhagem de Pleurotus ostreatus cultivada em resíduos madeireiros e agroindustriais da região amazônica
650 _aCOGUMELO COMESTÍVEL
650 _aANÁLISE QUÍMICA
650 _aESPECTROMETRIA
650 _aVALOR NUTRITIVO
773 0 _tCiência e Tecnologia de Alimentos (Brazil)
_xISSN 1678-457X
_g(Oct-Dec 2009), V. 29(4) p. 868-872
_wBR2013003183
856 4 0 _uhttp://www.scielo.br/pdf/cta/v29n4/26.pdf
909 _a202311
_bLúcia
_c55
_dLúcia Elande
942 _2AGRIS
_n0
_cANA
999 _c228257
_d228257